• 首页
  • 本馆介绍
  • 公告通知
  • 最新文献
  • 馆藏检索
  • 电子资源
  • 读者导购
  • 参考咨询
  • 我的图书馆
  • 登录
  • 详细信息显示
  • 放入我的书架
  • 预约/预借图书
  • 作者相关作品
  • 分类相关作品
  • 丛书相关作品
  • 出版社相关作品

书目信息

  • 表格格式
  • 工作单格式
  • 卡片格式
题名:
中国对外直接投资对出口增加值的影响研究
    
 
作者: 毛海欧 著
分册:  
出版信息: 北京   中国社会科学出版社  2020.8
页数: 178页
开本: 24cm
丛书名:
单 册:
中图分类: F832.6 , F752.0
科图分类:
主题词: 对外投资--dui wai tou zi--直接投资--影响--出口贸易--研究--中国
电子资源:
ISBN: 978-7-5203-6463-8
000 01348nam0 2200265 450
001 2161448343
005 20210930094218.0
010    @a978-7-5203-6463-8@dCNY69.00
100    @a20201019d2020 kemy0chiy0120 ea
101 0  @achi@deng@eeng
102    @aCN@b110000
105    @ay v 001yy
106    @ar
200 1  @a中国对外直接投资对出口增加值的影响研究@Azhong guo dui wai zhi jie tou zi dui chu kou zeng jia zhi de ying xiang yan jiu@dThe impact of China's outward foreign direct investment on value-added in export@f毛海欧著@zeng
210    @a北京@c中国社会科学出版社@d2020.8
215    @a178页@d24cm
300    @a国家社会科学基金 博士论文出版项目
330    @a本书从对外直接投资(OFDI)角度研究了出口增加值的规模增长、行业结构优化、内含劳动结构改善和技术含量提升问题。研究发现:首先,水平型和垂直型OFDI对出口增加值规模和行业结构的影响具有差异;其次,相较逆分工梯度OFDI,顺分工梯度OFDI更有助于提高出口增加值技术劳动占比;最后,OFDI通过技术效应、结构效应和总量效应三个渠道提高了母国出口增加值技术含量。
510 1  @aThe impact of China's outward foreign direct investment on value-added in export@zeng
606 0  @a对外投资@Adui wai tou zi@x直接投资@x影响@x出口贸易@x研究@y中国
690    @aF832.6@v5
690    @aF752.0@v5
701  0 @a毛海欧@Amao hai ou@4著
801  0 @aCN@b百万庄@c20210928
905    @b1302538-541@dF832.6@e204@f4
    
    中国对外直接投资对出口增加值的影响研究=The impact of China's outward foreign direct investment on value-added in export/毛海欧著.-北京:中国社会科学出版社,2020.8
    178页;24cm
    国家社会科学基金 博士论文出版项目
    
    ISBN 978-7-5203-6463-8:CNY69.00
    本书从对外直接投资(OFDI)角度研究了出口增加值的规模增长、行业结构优化、内含劳动结构改善和技术含量提升问题。研究发现:首先,水平型和垂直型OFDI对出口增加值规模和行业结构的影响具有差异;其次,相较逆分工梯度OFDI,顺分工梯度OFDI更有助于提高出口增加值技术劳动占比;最后,OFDI通过技术效应、结构效应和总量效应三个渠道提高了母国出口增加值技术含量。
●
相关链接 在E读中查询图书 在五车中查询图书 在当当中查询图书 在豆瓣中查询图书


正题名:中国对外直接投资对出口增加值的影响研究     索取号:F832.6/204         预约/预借

序号 登录号 条形码 馆藏地/架位号 状态 备注
1 1302538   213025386   第一样本阅览室/ [索取号:F832.6/204] 在馆    
2 1302539   213025395   第一借阅区/ [索取号:F832.6/204] 在馆    
3 1302540   213025402   第一借阅区/ [索取号:F832.6/204] 在馆    
4 1302541   213025411   第一借阅区/ [索取号:F832.6/204] 在馆    
唐山师范学院图书馆 欢迎您!
大连网信软件有限公司© 版权所有